25 Least Visited Countries in the World - Statistics

General Stats
  • This quiz has been taken 576 times
  • The average score is 15 of 25
Answer Stats
Hint Answer % Correct
35,000 Tourists North Korea
84%
200 Tourists Nauru
82%
1,200 Tourists Tuvalu
78%
4,700 Tourists Kiribati
74%
45,000 Tourists Tonga
74%
5,000 Tourists Marshall Islands
72%
26,000 Tourists Federated States of Micronesia
68%
23,000 Tourists Solomon Islands
67%
500 Tourists Somalia
64%
15,000 Tourists Comoros
61%
71,000 Tourists Chad
60%
8,000 Tourists São Tomé and Principe
60%
52,000 Tourists Djibouti
59%
40,000 Tourists East Timor
59%
54,000 Tourists Central African Republic
56%
37,000 Tourists Bhutan
55%
17,500 Tourists Afghanistan
54%
6,000 Tourists Equatorial Guinea
48%
7,000 Tourists Turkmenistan
48%
30,000 Tourists Guinea-Bissau
47%
29,000 Tourists Mauritania
45%
34,000 Tourists Libya
41%
51,000 Tourists Sierra Leone
40%
73,000 Tourists Dominica
31%
53,000 Tourists Liechtenstein
31%
No matching quizzes found
Score Distribution
Percent of People with Each Score
Percentile by Number Answered
Your Score History
You have not taken this quiz